| 000 | 00474nam a2200169Ia 4500 | ||
|---|---|---|---|
| 008 | 230524s9999 xx 000 0 und d | ||
| 020 | _a0195696182 | ||
| 082 |
_a331.714 _bSRI |
||
| 100 | _aDominick Salvatore : Adapted by Ravikesh Srivastava | ||
| 245 | 0 | _aManagerial Economics : Principles and Worldwide Applications | |
| 250 | _a6TH | ||
| 260 |
_aNEW DELHI _bOxford _c2009 |
||
| 300 | _aVII;655 | ||
| 500 | _aQuantity Number: 5 | ||
| 650 | _aEconomics | ||
| 942 | _cBK | ||
| 999 |
_c44973 _d44973 |
||